Values and education in independent India / (Record no. 84961)
[ view plain ]
| 000 -LEADER | |
|---|---|
| fixed length control field | 00876cam3a220025300 4500 |
| 001 - CONTROL NUMBER | |
| control field | lce00084535 |
| 008 - FIXED-LENGTH DATA ELEMENTS--GENERAL INFORMATION | |
| fixed length control field | 750806s1974 ii b 000 0 eng |
| 010 ## - LIBRARY OF CONGRESS CONTROL NUMBER | |
| LC control number | 75900503 |
| 020 ## - INTERNATIONAL STANDARD BOOK NUMBER | |
| Terms of availability | Rs25.00 ( |
| -- | .00 U.S.) |
| 035 ## - SYSTEM CONTROL NUMBER | |
| System control number | (Sirsi) r82291 |
| 035 ## - SYSTEM CONTROL NUMBER | |
| System control number | (DLC) 75900503 |
| 035 ## - SYSTEM CONTROL NUMBER | |
| System control number | (UPRA)lce00084535 |
| 043 ## - GEOGRAPHIC AREA CODE | |
| Geographic area code | a-ii--- |
| 050 0# - LIBRARY OF CONGRESS CALL NUMBER | |
| Classification number | LA1151 |
| Item number | .K32 |
| 082 ## - DEWEY DECIMAL CLASSIFICATION NUMBER | |
| Classification number | 370/.954 |
| 100 1# - MAIN ENTRY--PERSONAL NAME | |
| Personal name | Kaul, Gopi Nath, 1913- |
| Dates associated with a name | Kaul, Gopi Nath, 1913- |
| Linkage | A42100.1 |
| 245 10 - TITLE STATEMENT | |
| Title | Values and education in independent India / |
| Statement of responsibility, etc. | by G. N. Kaul ; with a foreword by Prem Kirpal. |
| 260 ## - PUBLICATION, DISTRIBUTION, ETC. | |
| Place of publication, distribution, etc. | Ambala Cantt. : |
| Name of publisher, distributor, etc. | Associated Publishers, |
| Date of publication, distribution, etc. | [1974?] |
| 504 ## - BIBLIOGRAPHY, ETC. NOTE | |
| Bibliography, etc. note | Includes bibliographical references. |
| 650 #0 - SUBJECT ADDED ENTRY--TOPICAL TERM | |
| Topical term or geographic name entry element | Education -- India. |
| Geographic subdivision | Education -- India. |
| Linkage | S27482.1 |
| 949 ## - LOCAL PROCESSING INFORMATION (OCLC) | |
| a | LA1151 |
| w | lcc |
| i | -114189 |
| m | MAIN |
| t | BOOK |
| l | ON-SHELF |
| 949 ## - LOCAL PROCESSING INFORMATION (OCLC) | |
| a | LA1151 |
| w | lcc |
| i | -114190 |
| m | MAIN |
| t | BOOK |
| l | ON-SHELF |
No items available.